| 000 -ლიდერი |
| ფიქსირებული სიგრძის საკონტროლო ველი |
01320nam a22002177a 4500 |
| 003 - საკონტროლო ნომრის იდენტიფიკატორი |
| საკონტროლო ველი |
Ge_BSU |
| 005 - ბოლო ოპერაციის თარიღი და დრო |
| საკონტროლო ველი |
20230411151125.0 |
| 008 - ფიქსირებული სიგრძის მონაცემთა ელემენტები - ზოგადი ინფორმაცია |
| ფიქსირებული სიგრძის საკონტროლო ველი |
230411s2005 ge ||||| |||| 00| 0 geo d |
| 020 ## - წიგნის საერთაშორისო სტანდარტული ნომერი |
| International Standard Book Number |
9994038974 |
| 041 ## - ენის კოდი |
| Language code of text/sound track or separate title |
geo |
| 080 ## - უნივერსალური ათობითი კლასიფიკაციის ინდექსი |
| Universal Decimal Classification number |
008(479.22) ს-60 |
| 100 ## - მთავარი ჩანაწერი - პიროვნების სახელი |
| Personal name |
ჩიქოვანი, ნინო |
| 9 (RLIN) |
17621 |
| 245 ## - ცნობა სათაურის შესახებ |
| Title |
საქართველოს კულტურული რაობა და ცივილიზაციური კუთვნილება ცივილიზაციათა თეორიის კონტექსტში : |
| Remainder of title |
თეორიული და მეთოდოლოგიური ასპექტები / |
| Statement of responsibility, etc |
ნინო ჩიქოვანი ; რედაქტორი: ნ. ფირცხალავა. |
| 264 ## - წარმოების, გამოცემის, დისტრიბუციის და სხვა ცნობები |
| გამოცემის, წარმოების, დისტრიბუციის... ადგილი |
თბილისი : |
| გამოცემის, წარმოების, დისტრიბუციის... სახელწოდება |
თბილისის უნივერსიტეტის გამომცემლობა, |
| გამოცემის, წარმოების, დისტრიბუციის... თარიღი |
2005. |
| 300 ## - ფიზიკური აღწერა |
| Extent |
319 გვ.; |
| Other physical details |
20 სმ. |
| 500 ## - ზოგადი შენიშვნა |
| General note |
ტექსტი ქართულ და რუსულ ენებზე. |
| 653 ## - INDEX TERM--UNCONTROLLED |
| Uncontrolled term |
კულტურის ისტორია |
| 653 ## - INDEX TERM--UNCONTROLLED |
| Uncontrolled term |
ცივილიზაციის ისტორია |
| 700 ## - ADDED ENTRY--PERSONAL NAME |
| Personal name |
ფირცხალავა, ნ. |
| Relator term |
რედაქტორი |
| 9 (RLIN) |
11277 |
| 942 ## - ADDED ENTRY ELEMENTS (KOHA) |
| Source of classification or shelving scheme |
|
| Koha item type |
წიგნი |